000 00644nam a2200217 i 4500
001 13969
003 ES-MaACL
005 20250813063256.0
007 t|
008 980825s1998 sp ||||1| spa d
020 _a84-605-7405-9
080 _a025.43
100 1 _aCurrás, Emilia,
_d1927-2020
_942228
245 1 0 _aTesauros
_b: manual de construcción y uso /
_cEmilia Currás.
260 _aMadrid :
_bKaher II,
_c[1998]
300 _a209 p. ;
_c24 cm.
650 1 7 _aTesauros
_2embne
_917514
852 _aES-MaACL
_jL-21278
_bR.126649
_914307
_zDedicatoria autógrafa de la autora
942 _2udc
999 _c13969
_d13969